000 00592nam a2200217Ia 4500
008 101110s9999 xx 000 0 und d
041 _aENGLISH
082 _bJR4977
100 _aPathar M.G.
245 _aBook-keeping & accountancy Std. XI
260 _c2006
_bPhadake Praqkashan, PunePhadake Praqkashan, PunePhadake Praqkashan, Pune
300 _a335
365 _b57
520 _aCommerce
546 _aENGLISH
630 _aBook-keeping & accountancy Std. XI
650 _aCommerce
655 _aCommerce
730 _aBook-keeping & accountancy Std. XI
942 _cBOOK
999 _c795784
_d795781